| Record ID | marc_records_scriblio_net/part22.dat:95035983:985 |
| Source | Scriblio |
| Download Link | /show-records/marc_records_scriblio_net/part22.dat:95035983:985?format=raw |
LEADER: 00985nam 2200193 a 4500
001 91192836 /MN
003 DLC
005 19910910141521.1
008 910906s1969 unra 00010 ukro
010 $a 91192836 /MN
040 $aDLC$cDLC
050 00 $aML420.M38$bD5 1969b
100 10 $aDerkach, Ivan.
245 10 $aModest Ment︠s︡ynsʹkyĭ--heroïchnyĭ tenor /$cnarys Ivana Derkacha.
260 0 $a[Lʹviv :$b"Kameni︠a︡r",$c1969]
300 $a82 p. :$bill. ;$c20 cm.
533 $aPhotocopy.$b[S.l. :$cs.n.,$d1990?]$e[41] l. ; 24 x 31 cm.
500 $aWith: Karel Burian / napsal E.F. Burian. 1. vyd. Praha : Orbis, 1948 -- Der Sänger D'Andrade als Don Giovanni / Max Slevogt. Stuttgart : P. Reclam, 1959 -- Russkai︠a︡ pesni︠a︡ i ee ispolnitelʹ, narodnyĭ pevet︠s︡ Dmitriĭ Aleksandrovich Agrenev-Slavi︠a︡nskiĭ / sostavil A. Kondratʹev. Ekaterinburg : Tip. gazety "Ural," 1898. Bound together subsequent to publication.$5DLC
600 10 $aMent︠s︡ynsʹkyĭ, Modest Omeli︠a︡novych,$d1875-1935.